MARC

LEADER 00000nam0a2200000 4500
001 672860
005 20240530142226.0
035 |a (RuTPU)RU\TPU\book\134765 
090 |a 672860 
100 |a 20240530d1965 km|y0rusy50 ca 
101 0 |a rus 
102 |a RU 
105 |a a z 001zy 
181 0 |a i   |b  e  
182 0 |a n 
183 0 |a nc  |2 RDAcarrier 
200 1 |a Аэро-гидродинамика летательных аппаратов на воздушной подушке  |f Центральный аэрогидродинамический институт ; под ред. В. И. Ханжонкова 
210 |a Москва  |c Бюро научной информации ЦАГИ  |d 1965 
215 |a 253 с.  |c ил. 
225 1 |a Труды Центрального аэро-гидродинамического института  |v Вып. 976 
283 |a volume 
606 |a Аэродинамические установки  |2 stltpush  |3 (RuTPU)RU\TPU\subj\29887  |9 53119 
610 1 |a летательные аппараты 
610 1 |a воздушная подушка 
610 1 |a аэро-гидродинамика 
610 1 |a экспериментальные данные 
610 1 |a сопловые устройства 
610 1 |a подъемные силы 
610 1 |a аэродинамические моменты 
610 1 |a тангаж 
610 1 |a демпфирующие моменты 
610 1 |a восстанавливающие моменты 
610 1 |a натурные испытания 
610 1 |a уравнение движения 
610 1 |a динамическая устойчивость 
675 |a 533.6.07  |v 3 
702 |4 340  |a Ханжонков  |b В. И. 
712 0 2 |a Центральный аэрогидродинамический институт (ЦАГИ)  |c (Москва)  |3 (RuTPU)RU\TPU\col\4446 
801 1 |a RU  |b 63413507  |c 20240530  |g PSBO 
801 2 |a RU  |b 63413507  |c 20240530  |g PSBO 
850 |a 63413507 
942 |c CR